000 00501pab a2200169 454500
008 180718b2017 xxu||||| |||| 00| 0 eng d
100 _aRenou, Yvan
245 _aPerformance indicators and the new governmentality of water utilities in France
260 _c2017
300 _ap.378-396.
362 _aJun
650 _aWater consumption - France
650 _aGood governance
650 _aPerformance appraisal
773 _aInternational Review of Administrative Sciences
909 _a115167
999 _c115161
_d115161